Calculus and analytic geometry / (Record no. 181009)
[ view plain ]
| 000 -LEADER | |
|---|---|
| fixed length control field | 01200 a2200229 4500 |
| 003 - CONTROL NUMBER IDENTIFIER | |
| control field | Nust |
| 005 - DATE AND TIME OF LATEST TRANSACTION | |
| control field | 20221119132255.0 |
| 010 ## - LIBRARY OF CONGRESS CONTROL NUMBER | |
| LC control number | 74013053 |
| 020 ## - INTERNATIONAL STANDARD BOOK NUMBER | |
| International Standard Book Number | 0131122274 |
| 040 ## - CATALOGING SOURCE | |
| Transcribing agency | Nust |
| 082 00 - DEWEY DECIMAL CLASSIFICATION NUMBER | |
| Classification number | 515.15,FIS |
| 100 1# - MAIN ENTRY--PERSONAL NAME | |
| Personal name | Fisher, Robert Charles, |
| 9 (RLIN) | 103138 |
| 245 10 - TITLE STATEMENT | |
| Title | Calculus and analytic geometry / |
| Statement of responsibility, etc. | Robert C. Fisher, Allen D. Ziebur. |
| 250 ## - EDITION STATEMENT | |
| Edition statement | 3rd ed. |
| 260 ## - PUBLICATION, DISTRIBUTION, ETC. | |
| Place of publication, distribution, etc. | Englewood Cliffs, N.J., |
| Name of publisher, distributor, etc. | Prentice-Hall |
| Date of publication, distribution, etc. | [1975] |
| 300 ## - PHYSICAL DESCRIPTION | |
| Extent | xiii, 817 p. |
| Other physical details | illus. |
| Dimensions | 25 cm. |
| 505 ## - FORMATTED CONTENTS NOTE | |
| Formatted contents note | Basic Concepts and The Limits (Page-1), The Derivative (Page-59), Applications of the Derivative (Page-120), The Conics (Page-154), Exponential Logarithmic Inverse Trigonometric and Hyperbolic Functions (Page-265), Techniques of Integrations (Page-328), Polar Coordinates Vector in the Plane (Page-382), L Hospital Rule and Improper Integrals (Page-460), Sequences and Series (Page-488), Matrices and Systems of Equations (Page-549), Analytic Geometry in Three Dimensional Space (Page-583), Partial Derivatives (Page-650), Multiple Integral and Line Integral (Page-687). |
| 650 #0 - SUBJECT ADDED ENTRY--TOPICAL TERM | |
| Topical term or geographic name entry element | Calculus. |
| 650 #0 - SUBJECT ADDED ENTRY--TOPICAL TERM | |
| Topical term or geographic name entry element | Geometry, Analytic. |
| 700 1# - ADDED ENTRY--PERSONAL NAME | |
| Personal name | Ziebur, Allen D., |
| 9 (RLIN) | 103139 |
| 942 ## - ADDED ENTRY ELEMENTS (KOHA) | |
| Source of classification or shelving scheme | |
| Koha item type | Book |
| Call number prefix | 515.15,FIS |
| Withdrawn status | Lost status | Source of classification or shelving scheme | Damaged status | Not for loan | Permanent Location | Current Location | Shelving location | Date acquired | Full call number | Barcode | Date last seen | Price effective from | Koha item type | Public note |
|---|---|---|---|---|---|---|---|---|---|---|---|---|---|---|
| Military College of Signals (MCS) | Military College of Signals (MCS) | General Stacks | 12/12/2016 | 515.15,FIS | MCS7138 | 12/08/2016 | 12/12/2016 | Book | Almirah No. 13, Shelf No. 2 |
